000
00311nam a22001337a 4500
020
_a
978-0-552-57622-2
082
_a
823
_b
WIL/B
100
_a
JACQUELINE WILSON
245
_a
BUTTERFLY BEACH
260
_a
LONDON
_b
CORGI BOOKS
_c
2017
300
_a
69
650
_a
CHILDRENS STORY BOOK
_z
UNITED KINGDOM
942
_c
BK
999
_c
105
_d
105